1158 1268 1986 1361 1806 1537 1088 1029 1382 1112 1341 1518 1361 1681 1350 1384 1162 1210 1520 1960 1454 1273 1243 1817 1334 1885 1247 1255 1947 1760 1105 1805 1797 1415 1586 1642 1871 1583 1218 1740 1328 1229 1027 1183 1421 1270 1088 1795 1090 1201 1584 1717 1759 1569 1699 1530 1934 1603 1243 1935 1730 1190 1280 1702 1194 1047 1748 1234 1063 1483 1112 1790 1771 1005 1178 1678 1145 1726 1854 1797 1331 1828 1609 1585 1865 1434 1080 1022 1617 1866 1969 1703 1413 1540 1856 1315 1180 1266 1205 BCNSPRNW ULIB Ver.6.0+V

เปลี่ยนเป็นภาษาไทย

Change to English
 แสดงรายละเอียดบรรณานุกรม
  กลับหน้าหลัก

Brief Record : Get Marc (ISO 2709) : E-mail record : QR code < ปิดหน้าต่าง
LEADER : 00000nam 2200000uu 4500
001    13399110681
003     ULIB
008    110607s2543||||th 000 0 tha d
020    9746440403
060 04 WS100^bก717ส 2543
245 00 กุมารเวชศาสตร์ ปี ค.ศ. 2000 / ^cประยงค์ เวชวนิชสนอง, มาลัย ว่องชาญชัยเลิศ, บรรณาธิการ
250    พิมพ์ครั้งที่ 1
260    หาดใหญ่ : ^bภาควิชากุมารเวชศาสตร์ คณะแพทยศาสตร์ มหาวิทยาสงขลานครินทร์, ^c2543
300    126 หน้า : ^bภาพประกอบ
504    บรรณานุกรมท้ายบท
504    ดัชนีท้ายเล่ม
590    Gift-T-43
650  7 กุมารเวชศาสตร์
650  2 Pediatrics
700 0  ประยงค์ เวชวนิชสนอง ^eบรรณาธิการ
700 0  มาลัย ว่องชาญชัยเลิศ ^eบรรณาธิการ
710 2  มหาวิทยาลัยสงขลานครินทร์ ^bคณะแพทยศาสตร์ ภาควิชากุมารเวชศาสตร์
945    ^p160^l0^i015703
995    ทศพร
999 ^a ใช้งานได้ทุกระบบ
รายการนี้ยังไม่มีแท็ก
คุณยังไม่ได้ล็อกอิน คุณสามารถมีกิจกรรมร่วมกับเว็บไซต์ได้ แต่ต้องล็อกอินก่อน ::
  ล็อกอิน

รายการสื่อสารสนเทศ

ลำดับที่ ประเภท เลขเรียก/บาร์โค้ด สถานที่ สถานะ
- ไม่พบข้อมูล -

รายการใกล้เคียง
    หัวเรื่อง [กุมารเวชศาสตร์]
    หัวเรื่อง [Pediatrics]

BibComment


ยังไม่เคยถูกคอมเมนท์

คอมเมนท์ทรัพยากรรายการนี้
  คอมเมนท์: กุมารเวชศาสตร์ ปี..


 Copyright 2026. Bcnsprnw @Library